| 000 | 00803nam a2200265Ia 4500 | ||
|---|---|---|---|
| 003 | OSt | ||
| 005 | 20240822170837.0 | ||
| 006 | a|||||r|||| 00| 0 | ||
| 007 | ta | ||
| 008 | 221004b |||||||| |||| 00| 0 eng d | ||
| 020 |
_a9781138064218 (pbk) _cUKP 44.99 |
||
| 024 | _a68184 | ||
| 037 |
_bBBS/24, 13/12/2019, Better Book Service _cTextual |
||
| 040 |
_aCRL _cCRL _beng |
||
| 041 |
_2eng _aeng |
||
| 082 | _aS:fg, Q9 | ||
| 100 |
_aMecklenbeck Michael Schulte Ed. _9617304 |
||
| 245 | 0 | _aHandbook of process tracing methods | |
| 250 | _a2nd | ||
| 260 |
_aNew York _bRoutledge USA _c2019 |
||
| 300 |
_axvii,389p. _ccm. |
||
| 650 | _aPSYCHOLOGY | ||
| 942 |
_hS:fg, Q9 _cTEXL |
||
| 999 |
_c998827 _d998827 |
||